00453nam a2200157Ia 4500999001700000003000400017005001700021008004100038040000900079082001900088100002900107245005800136260004800194300000900242942004400251 c18668d18668OSt20200609114102.0190216s9999||||xx |||||||||||||| ||und|| coclc a320.973bBAI/A a Bailey, Stephen K92665 0aAmerican Politics And Government /cStephen K Bailey bOxford University Press,c1967.aNew Delhi; a251p cBK2ddch320.973iBAI/Ak320.973mBAI/A